Collab' Culture by PotiFlamby x Lotharie #1 - Statistiques

Statistiques générales
  • Ce quiz a été pris 14 fois
  • Le résultat moyen est 5 sur 20
Statistiques - réponses
Hint Réponse % Correct
Quel est le nom du dernier circuit de la coupe Spécial de la série Mario Kart ? Route Arc-en-ciel
56%
Quel est le nom du rival de Sonic ? Shadow | Silver
56%
De quel film est issue la bande originelle Nightcall par Kavinsky ? Drive
44%
Quel est le serveur Discord de memes le plus populaire en France ? France Memes
33%
Quel est le nom du pote de Rayman ? Globox | Murfy
33%
Quel est le nom du dessin animé des Daft Punk ? Interstella 5555
33%
Quel est le nom du Pokémon qui avec sa queue en brasier est défenseur de la Réalité ? Reshiram
33%
Quel est le nom du premier album de Justice ? Cross
22%
Quel est le nom des tags récupérable dans Jet Set Radio et Jet Set Radio Future ? Graffiti Souls
22%
Quel est la l'aliment iconique de SebastiAn ? Le Kebab au Boulgour
22%
Comment s'appelle le personnage principal du jeu vidéo Celeste ? Madeline
22%
Qui est le fondateur d'Ed Banger Records ? Pedro Winter
22%
Avant chaque concert, quel est l'objet qui se trouve entre les deux bouches des deux artistes de Justice lorsqu'ils s'embrassent ? Une croix chrétienne
22%
Quel est le nom du batiment sur Caen où se trouve la fameuse sauce magique ? Délices Magic Beau Gosse
11%
Quel groupe de musique a réalisé le titre "Welcome to the World of the Plastic Beach" en compagnie de Snoop Dogg ? Gorillaz
11%
Qui est l'interprète du titre "On Sight" ? Kanye West
11%
Quel est l'artiste ayant réalisé la bande originelle de Lethal League Blaze ? Klaus Veen | Hideki Naganuma
11%
Dans quel jeu vidéo Sonic se trouve Egg Dragoon ? Sonic Unleashed
11%
Comment s'intitule l'album hommage à Jet Set Radio (premier du nom) de 2 Mello ? Sounds of Tokyo-to
11%
Quel est le nom du second opus d'Hotline Miami ? Wrong Number
11%
Aucun quiz correspondant
Distribution des résultats
% des personnes avec chaque résultat
Percentile par nombre de réponses
Votre historique - résultats
Vous n’avez pas pris ce quiz